000 00450nam a2200157 i 4500
001 94724
003 ES-MaACL
005 20230906181535.0
007 t|
008 050512s1958 sp ||||1| spa d
100 1 _aLozano Caballero, Abilio.
_974433
245 1 0 _aCarrusel
_b: (poesía) /
_cAbilio Lozano Caballero.
260 _aMadrid :
_bEstades Art. Gráf,
_c1958.
300 _a76 p. :
_bil. ;
_c18 cm.
852 _aES-MaACL
_j2003-F-11
_bR.44185
999 _c94724
_d94724